Aspects of chomskyan grammar

Gardado en:
Detalles Bibliográficos
Autor Principal: LAMIDI, M.T
Formato: Libro
Idioma:inglés
Publicado: University Press 2008
Tags: Engadir etiqueta
Sen Etiquetas, Sexa o primeiro en etiquetar este rexistro!

MARC

LEADER 00000nam a22000007a 4500
008 201210b ||||| |||| 00| 0 eng d
020 |a 978-978-069-286-5 
100 |a LAMIDI, M.T. 
245 |a Aspects of chomskyan grammar  |c M.T. Lamidi.-  |g xi,200p. 
260 |b University Press  |c 2008  |d Books  |h Ibadan  |i 665919  |m Generative grammar  |m Language acquisition 
942 |a lcc  |c BK  |e Ogunmilade Florence Titilayo  |f 10/12/2020 
952 |0 0  |1 0  |2 lcc  |4 0  |6 P0158 L18  |7 0  |9 368  |a HOL  |b HOL  |c LP  |d 2020-12-10  |l 0  |o P158 .L18  |p 2020-2103  |r 2020-12-10 00:00:00  |w 2020-12-10  |y BK 
999 |c 134  |d 134